Statistics for Finish that Phrase! "Eat some ___"

Click here to take the quiz!

General Stats

  • This quiz has been taken 31 times
  • The average score is 5 of 9

Answer Stats

Rank"Eat some ___"% Correct
1Food
87%
7Fruit
77%
8Cake
61%
2Breakfast
55%
3Dinner/Supper
55%
6Lunch
52%
5Meat
52%
4Bread
45%
9Soup
35%

Score Distribution

Percentile by Number Answered

Percent of People with Each Score

Your Score History

You have not taken this quiz